[Event "Open Vitrolles 2018-2019"]
[Site "Vitrolles"]
[Date "2018.03.02"]
[Round "8.3"]
[White "Amoros, Jean"]
[Black "Cens, Alain"]
[Result "0-1"]
[WhiteElo "1418"]
[BlackElo "1448"]
[PlyCount "82"]

1. e4 c5 2. b4 cxb4 3. a3 e6 4. axb4 Bxb4 5. Ba3 Nc6 6. Bxb4 Nxb4 7. c3 Nc6 8.
Nf3 Nge7 9. d4 d5 10. Bd3 dxe4 11. Bxe4 Nd5 12. O-O O-O 13. Qc2 h6 14. Nbd2 Bd7
15. Nc4 Qc7 16. Ne3 Nce7 17. Ne5 Rfc8 18. c4 Nb6 19. f4 Bc6 20. Nxc6 Nxc6 21.
Qf2 Nxd4 22. Ng4 Nc6 23. Qg3 Kh8 24. Qh4 f5 25. Nxh6 gxh6 26. Qxh6+ Qh7 27.
Qf6+ Qg7 28. Qh4+ Kg8 29. Rf3 Qxa1+ 30. Kf2 Qd4+ 31. Kf1 Qd1+ 32. Kf2 fxe4 33.
Rg3+ Kf8 34. Qf6+ Ke8 35. Qxe6+ Kd8 36. Qxe4 Qd4+ 37. Qxd4+ Nxd4 38. Rd3 Rxc4
39. Ke3 a5 40. Rxd4+ Rxd4 41. Kxd4 a4 0-1

[Event "Open Vitrolles 2018-2019"]
[Site "Vitrolles"]
[Date "2018.03.02"]
[Round "8.4"]
[White "Briquet, Xavier"]
[Black "Guisset, Andre"]
[Result "0-1"]
[WhiteElo "1378"]
[BlackElo "1370"]
[PlyCount "102"]

1. e4 c6 2. d4 d5 3. exd5 cxd5 4. Nf3 Nf6 5. Nc3 g6 6. Be2 Bg7 7. Bg5 O-O 8.
O-O Nc6 9. Re1 Re8 10. Ne5 Be6 11. Qd2 Nd7 12. Nxc6 bxc6 13. Nd1 Nf6 14. Bd3
Qd7 15. c3 Bf5 16. f3 Bxd3 17. Qxd3 Qc7 18. Nf2 e6 19. Re2 c5 20. Be3 c4 21.
Qd2 a5 22. b3 Rec8 23. Bf4 Qc6 24. Rc1 Ra6 25. Qe3 Rb6 26. Rb2 Qb7 27. Rcb1 Nh5
28. Nd1 Nxf4 29. Qxf4 Qa7 30. h4 Bf8 31. g4 Bd6 32. Qe3 Qc7 33. Rg2 Bf4 34. Qf2
cxb3 35. Rxb3 Rxb3 36. axb3 Rb8 37. Qb2 a4 38. b4 Ra8 39. Qa2 a3 40. Rc2 Bd6
41. Qb3 Be7 42. Rg2 Bxh4 43. Ne3 Qf4 44. Nc2 a2 45. Qb2 Qxf3 46. Na1 Bg5 47. b5
Qd1+ 48. Kh2 Bf4+ 49. Kh3 Qf3+ 50. Kh4 g5+ 51. Kh5 Qh3# 0-1

[Event "Open Vitrolles 2018-2019"]
[Site "Vitrolles"]
[Date "2018.09.03"]
[Round "8.5"]
[White "Fournier, Alain"]
[Black "Bregier, Gerard"]
[WhiteElo "1509"]
[BlackElo "1447"]
[Result "1-0"]
[WhiteElo "1509"]
[BlackElo "1447"]
[PlyCount "33"]

1. f4 g6 2. Nf3 Bg7 3. d4 d6 4. e3 a6 5. Be2 e6 6. Bd2 Ne7 7. O-O Nd7 8. c4 b6
9. Bc3 d5 10. Ne5 Bb7 11. Nd2 Nf5 12. Rf3 Nf6 13. g4 Nd6 14. c5 Nfe4 15. cxd6
Qh4 16. Nxe4 dxe4 17. Rg3 1-0

[Event "Open Vitrolles 2018-2019"]
[Site "Vitrolles"]
[Date "2018.03.02"]
[Round "8.6"]
[White "Porte, Jacques"]
[Black "Bouriel, Michel"]
[Result "0-1"]
[WhiteElo "1280"]
[BlackElo "1420"]
[PlyCount "187"]

1. d4 Nf6 2. c4 g6 3. Nc3 Bg7 4. Nf3 O-O 5. e4 d6 6. Bd3 Nc6 7. h3 a6 8. Be3 b6
9. Qd2 Nb4 10. Be2 Bb7 11. d5 a5 12. a3 Na6 13. Bh6 Nc5 14. Bxg7 Kxg7 15. Bd1
Ncxe4 16. Nxe4 Nxe4 17. Qd4+ Nf6 18. Ba4 Qc8 19. O-O-O e5 20. dxe6 Bxf3 21.
gxf3 Qxe6 22. Rde1 Qf5 23. Bc6 Rad8 24. Be4 Qg5+ 25. Kb1 Kg8 26. Bc6 Nd7 27. h4
Qc5 28. Qxc5 Nxc5 29. Kc2 Ne6 30. Re4 Kg7 31. f4 Kf6 32. b4 Kf5 33. Rg1 h6 34.
Rg3 Rg8 35. Kc3 g5 36. fxg5 hxg5 37. hxg5 Rxg5 38. Rf3+ Kg6 39. Bd5 Re8 40. Re1
Kg7 41. Ree3 Re5 42. Rg3+ Kf8 43. Ref3 axb4+ 44. Kxb4 Rc8 45. Rh3 Ke7 46. Rh7
Rf8 47. Bxe6 Rxe6 48. Re3 Rxe3 49. fxe3 c6 50. e4 Ke6 51. Kc3 Rg8 52. Rh3 Rg4
53. Kd3 d5 54. cxd5+ cxd5 55. exd5+ Kxd5 56. Rh5+ Kc6 57. Kc3 Rf4 58. Re5 Rf3+
59. Kb2 f5 60. a4 f4 61. Rf5 Rf2+ 62. Kc1 f3 63. Kd1 Rf1+ 64. Kd2 f2 65. Ke3
Ra1 66. Rxf2 Rxa4 67. Rc2+ Kb5 68. Kd3 Ra3+ 69. Kd4 Ka5 70. Rb2 Ra4+ 71. Kd5 b5
72. Rb3 Rc4 73. Rb1 Rc8 74. Ra1+ Kb6 75. Rb1 Rc4 76. Rb2 Ka5 77. Ra2+ Kb4 78.
Rb2+ Ka4 79. Rb1 Rc3 80. Kd4 b4 81. Rb2 Ka3 82. Rb1 Rc2 83. Kd3 b3 84. Ra1+ Kb2
85. Re1 Rc1 86. Re2+ Kb1 87. Re4 b2 88. Ra4 Rc2 89. Rg4 Rc8 90. Rb4 Kc1 91. Rh4
b1=Q+ 92. Ke3 Qb3+ 93. Kf2 Rc2+ 94. Kf1 0-1

[Event "Open Vitrolles 2018-2019"]
[Site "Vitrolles"]
[Date "2018.03.02"]
[Round "8.7"]
[White "Scamaroni, Jean-Paul"]
[Black "Derien, Robert"]
[Result "0-1"]
[WhiteElo "1503"]
[BlackElo "1582"]
[PlyCount "88"]

1. d4 Nf6 2. c4 e5 3. dxe5 Ng4 4. Nf3 Bc5 5. e3 Nc6 6. Be2 Ncxe5 7. Nxe5 Nxe5
8. a3 a5 9. Nc3 O-O 10. Ne4 Be7 11. O-O d6 12. Bd2 Bd7 13. Bc3 Bc6 14. Ng3 g6
15. f4 Nd7 16. Qd4 Bf6 17. Qd3 Nc5 18. Bxf6 Qxf6 19. Qc2 Rae8 20. b4 axb4 21.
axb4 Ne4 22. Nxe4 Bxe4 23. Bd3 Qf5 24. Bxe4 Rxe4 25. Kf2 Rfe8 26. Rfe1 Qe6 27.
Rac1 Rxe3 28. Qd2 Rxe1 29. Rxe1 Qxe1+ 30. Qxe1 Rxe1 31. Kxe1 f5 32. Kd2 Kf7 33.
Ke3 c6 34. Kd4 Ke6 35. h3 h6 36. h4 b6 37. b5 c5+ 38. Kc3 d5 39. Kd3 dxc4+ 40.
Kxc4 Kd6 41. Kc3 Kd5 42. Kd3 c4+ 43. Kc3 Kc5 44. Kb2 Kxb5 0-1

[Event "Open Vitrolles 2018-2019"]
[Site "Vitrolles"]
[Date "2018.03.02"]
[Round "8.8"]
[White "Blondelon, Claude"]
[Black "Misene, Milan"]
[Result "0-1"]
[WhiteElo "1255"]
[BlackElo "1296"]
[PlyCount "84"]

1. d4 Nf6 2. Nf3 d5 3. c4 e6 4. Nc3 Be7 5. e3 O-O 6. Be2 c5 7. cxd5 exd5 8. b3
cxd4 9. Nxd4 a6 10. O-O Qc7 11. Bb2 Rd8 12. Rc1 Nc6 13. Nxc6 bxc6 14. Bf3 Be6
15. Ne2 Bg4 16. Nd4 Bxf3 17. Qxf3 Rd6 18. Qg3 Ne4 19. Qg4 Rg6 20. Qe2 Qd7 21.
Rc2 c5 22. Nf3 Bd6 23. Be5 f6 24. Bxd6 Qxd6 25. Rd1 Qe6 26. g3 f5 27. Nh4 Rh6
28. Qf3 Rf8 29. Ng2 g5 30. Qe2 Rff6 31. f3 Nxg3 32. hxg3 Rh3 33. Rxc5 Rfh6 34.
Nh4 gxh4 35. g4 Rg3+ 36. Kf2 fxg4 37. Rcxd5 Rf6 38. Rd8+ Rf8 39. Rxf8+ Kxf8 40.
f4 Rf3+ 41. Ke1 Rxe3 42. Rd2 Rxe2+ 0-1

[Event "Open Vitrolles 2018-2019"]
[Site "Vitrolles"]
[Date "2018.03.02"]
[Round "8.10"]
[White "Coquet, Bruno"]
[Black "Maccagno, Gilbert"]
[Result "0-1"]
[WhiteElo "1210"]
[BlackElo "1373"]
[PlyCount "73"]

1. e4 c5 2. Nf3 d6 3. d4 cxd4 4. Nxd4 a6 5. Nc3 e6 6. Be3 Be7 7. Qd2 Nf6 8. f3
Qc7 9. g4 b5 10. h4 Bb7 11. h5 d5 12. g5 Nfd7 13. exd5 Qg3+ 14. Bf2 Qe5+ 15.
Qe3 Bxg5 16. Qxe5 Nxe5 17. Bg3 Nc4 18. f4 Bf6 19. O-O-O O-O 20. Bf2 Re8 21. Bg2
e5 22. Nf5 Rd8 23. fxe5 Nxe5 24. Rhe1 Nbd7 25. Bh1 Nc4 26. Ne7+ Kf8 27. Nc6 Re8
28. Rxe8+ Rxe8 29. Bd4 Nd6 30. Bxf6 Nxf6 31. Bf3 h6 32. Rd4 Re3 33. Be2 Nf5 34.
Rf4 Nd6 35. a4 Nde4 36. Nxe4 Nxe4 37. Bd3 0-1

[Event "Open Vitrolles 2018-2019"]
[Site "Vitrolles"]
[Date "2018.03.02"]
[Round "8.12"]
[White "Chauvet, Joelle"]
[Black "Schoeni, Christine"]
[Result "1-0"]
[WhiteElo "1397"]
[BlackElo "1009"]
[PlyCount "85"]

1. d4 d5 2. e3 Nf6 3. c4 e6 4. Nc3 Bb4 5. Qa4+ Nc6 6. c5 Ne4 7. Nge2 Bd7 8. Qc2
O-O 9. a3 Ba5 10. b4 Nxc3 11. Qxc3 b5 12. bxa5 a6 13. Ng3 Rb8 14. Rb1 Ne7 15.
Bd3 Ng6 16. O-O c6 17. e4 Nf4 18. Bxf4 Qe7 19. Bxb8 Rxb8 20. e5 Qh4 21. f4 Rf8
22. f5 f6 23. Rbe1 Re8 24. fxe6 Bxe6 25. Nf5 Qg5 26. Nd6 Rf8 27. exf6 Rxf6 28.
Rxf6 Qxf6 29. Bb1 g6 30. Qe3 Kh8 31. Qxe6 Qxd4+ 32. Kh1 Kg7 33. Qe5+ Qxe5 34.
Rxe5 Kf6 35. Re8 Kg7 36. Rc8 Kf6 37. Rxc6 Ke5 38. Rxa6 Kd4 39. c6 Kc5 40. Nb7+
Kc4 41. c7 d4 42. c8=Q+ Kd5 43. Qc5# 1-0

[Event "Open Vitrolles 2018-2019"]
[Site "Vitrolles"]
[Date "2019.03.24"]
[Round "9.1"]
[White "Pinto, Axel"]
[Black "Jullien, Patrick"]
[Result "1-0"]
[WhiteElo "1560"]
[BlackElo "1589"]
[PlyCount "81"]

1. d4 Nf6 2. c4 e6 3. Nc3 d5 4. cxd5 exd5 5. Bg5 Be7 6. e3 h6 7. Bh4 O-O 8. Bd3
Ne4 9. Bxe7 Nxc3 10. Bxd8 Nxd1 11. Be7 Nxb2 12. Bh7+ Kxh7 13. Bxf8 Kg8 14. Be7
Nc6 15. Ba3 Nc4 16. Bc1 Bf5 17. Bd2 Bd3 18. Ne2 Na3 19. Rc1 Bc4 20. Rc3 Nb5 21.
Rc2 Na3 22. Rb2 b6 23. h4 a5 24. Nc1 Re8 25. Kd1 Nb5 26. Re1 Re4 27. g3 Re8 28.
Ne2 Nd6 29. Nf4 Ne4 30. Bc1 Nxf2+ 31. Rxf2 Nb4 32. a3 Bb3+ 33. Kd2 Nc2 34. Ree2
c6 35. Kc3 a4 36. Rxc2 Bxc2 37. Rxc2 g5 38. hxg5 hxg5 39. Nd3 Re6 40. Kb4 b5
41. Ne5 1-0

[Event "Open Vitrolles 2018-2019"]
[Site "Vitrolles"]
[Date "2019.03.26"]
[Round "9.2"]
[White "Cens, Alain"]
[Black "Vinet, Christophe"]
[Result "0-1"]
[WhiteElo "1448"]
[BlackElo "1641"]
[PlyCount "57"]

1. c4 c5 2. Nc3 Nc6 3. g3 g6 4. Bg2 Bg7 5. d3 d6 6. e4 e5 7. Nge2 Nge7 8. O-O
Be6 9. Nd5 f5 10. f4 O-O 11. a3 Qd7 12. Rb1 fxe4 13. dxe4 Bh3 14. Bxh3 Qxh3 15.
Nxe7+ Nxe7 16. Qxd6 Rae8 17. Be3 Rf6 18. Qxc5 Rc6 19. Qb4 b6 20. b3 Bf8 21. Qc3
Bg7 22. fxe5 Re6 23. Nf4 Bxe5 24. Qxe5 Qxf1+ 25. Rxf1 Rxe5 26. Nh3 Rxe4 27. Bh6
Nf5 28. Bf4 Nd4 29. Nf2 0-1

[Event "Open Vitrolles 2018-2019"]
[Site "Vitrolles"]
[Date "2019.03.26"]
[Round "9.3"]
[White "Bouriel, Michel"]
[Black "Guisset, Andre"]
[Result "0-1"]
[WhiteElo "1359"]
[BlackElo "1370"]
[PlyCount "72"]

1. c4 Nf6 2. Nc3 e6 3. Nf3 Bb4 4. Qb3 c5 5. g3 O-O 6. Bg2 d5 7. cxd5 exd5 8. a3
Ba5 9. O-O Re8 10. Re1 Nc6 11. e3 Rb8 12. Qc2 Bg4 13. h3 Bh5 14. b3 d4 15. Na4
dxe3 16. fxe3 Bg6 17. Qd1 Bc7 18. g4 Bg3 19. Rf1 Bd3 20. Nxc5 Bxf1 21. Qxf1 b6
22. Na6 Rc8 23. Bb2 Ne4 24. Bh1 Nxd2 25. Qg2 Nxf3+ 26. Qxf3 Be5 27. Rd1 Qf6 28.
Qe2 Bxb2 29. Rf1 Qe5 30. Qf2 Qxe3 31. Bd5 Qxf2+ 32. Rxf2 Bd4 33. Bxf7+ Kf8 34.
Bxe8+ Bxf2+ 35. Kxf2 Kxe8 36. Nb4 Nxb4 0-1

[Event "Open Vitrolles 2018-2019"]
[Site "Vitrolles"]
[Date "2019.03.26"]
[Round "9.5"]
[White "Benoit-Lizon, Alain"]
[Black "Amoros, Jean"]
[Result "1-0"]
[WhiteElo "1432"]
[BlackElo "1418"]
[PlyCount "41"]

1. e4 e5 2. Nf3 Nc6 3. Bb5 Nf6 4. O-O d6 5. d4 exd4 6. Nxd4 Bd7 7. Nc3 a6 8.
Bc4 Ne5 9. Bb3 c5 10. Nf5 Bxf5 11. exf5 c4 12. Ba4+ b5 13. Nxb5 axb5 14. Bxb5+
Nfd7 15. Bf4 f6 16. Bxe5 dxe5 17. Bxc4 Qc7 18. Qd5 Nb6 19. Bb5+ Nd7 20. Qxa8+
Ke7 21. Rfd1 1-0

[Event "Open Vitrolles 2018-2019"]
[Site "Vitrolles"]
[Date "2019.03.26"]
[Round "9.6"]
[White "Bregier, Gerard"]
[Black "Briquet, Xavier"]
[Result "1-0"]
[WhiteElo "1447"]
[BlackElo "1378"]
[PlyCount "61"]

1. d4 d5 2. Nc3 Nf6 3. Bf4 Bd7 4. e3 e6 5. Nb5 Bxb5 6. Bxb5+ c6 7. Bd3 Be7 8.
c3 Nbd7 9. h3 Rc8 10. Nf3 c5 11. Ne5 a6 12. Qf3 cxd4 13. exd4 O-O 14. h4 Nxe5
15. Bxe5 Nd7 16. Bf4 b5 17. Qh5 g6 18. Qh6 f5 19. h5 Rf7 20. hxg6 Rg7 21. O-O-O
e5 22. dxe5 b4 23. Bxf5 Rc6 24. gxh7+ Kh8 25. Qxc6 bxc3 26. Qxc3 Nb6 27. Kb1
Nc4 28. Qd4 Qb8 29. Bh6 Rf7 30. e6+ Bf6 31. exf7 1-0

[Event "Open Vitrolles 2018-2019"]
[Site "Vitrolles"]
[Date "2019.03.24"]
[Round "9.7"]
[White "Misene, Milan"]
[Black "Porte, Jacques"]
[Result "1-0"]
[WhiteElo "1296"]
[BlackElo "1302"]
[PlyCount "117"]

1. e4 c5 2. Nf3 e6 3. d4 cxd4 4. Nxd4 Nf6 5. Bg5 Qa5+ 6. Bd2 Qe5 7. Bc3 Qxe4+
8. Qe2 Be7 9. Qxe4 Nxe4 10. f3 Nxc3 11. Nxc3 a6 12. Bd3 Bc5 13. Nb3 Be3 14. Nd1
Bb6 15. Nc3 d5 16. O-O-O Bd7 17. Rhe1 O-O 18. h4 Nc6 19. a3 Rac8 20. h5 Nd4 21.
Nxd4 Bxd4 22. Bxh7+ Kxh7 23. Rxd4 b5 24. g4 Rc4 25. Rxc4 bxc4 26. Ne2 e5 27. b3
cxb3 28. cxb3 Rc8+ 29. Kb2 d4 30. Rc1 Rf8 31. Ng3 f5 32. g5 g6 33. Rc7 Rf7 34.
h6 Kg8 35. Ra7 a5 36. Rxa5 Bc6 37. Ra6 Bxf3 38. Rxg6+ Kh7 39. Rg7+ Rxg7 40.
hxg7 Kxg7 41. Nxf5+ Kg6 42. Nd6 Kxg5 43. Kc1 Kf4 44. Kd2 e4 45. Nc4 Bg4 46. b4
Bd7 47. Nd6 Kf3 48. b5 e3+ 49. Ke1 Be6 50. b6 Bd5 51. b7 Bxb7 52. Nxb7 d3 53.
Nc5 d2+ 54. Kd1 Kf2 55. Ne4+ Kf3 56. Nc3 Kf4 57. a4 e2+ 58. Nxe2+ Ke3 59. a5
1-0

[Event "Open Vitrolles 2018-2019"]
[Site "Vitrolles"]
[Date "2018.03.26"]
[Round "9.8"]
[White "Scamaroni, Jean-Paul"]
[Black "Mars, Florence"]
[Result "1-0"]
[WhiteElo "1503"]
[BlackElo "1262"]
[Annotator "Doe,John"]
[PlyCount "65"]

1. d4 {[%emt 0:00:00]} Nf6 2. c4 e5 3. dxe5 Ng4 4. Nf3 Bc5 5. e3 Nc6 6. Be2
Ngxe5 7. Nxe5 Nxe5 8. O-O O-O 9. b3 Re8 10. Bb2 a5 11. Nc3 Ra6 12. Qd5 Ba7 13.
Nb5 c6 14. Qd2 cxb5 15. cxb5 Rh6 16. g3 Bc5 17. Qc3 Be7 18. f4 Bf6 19. fxe5
Bxe5 20. Qc2 Bxb2 21. Qxb2 Rxe3 22. Bc4 Re7 23. Qd4 d6 24. Rae1 Rf6 25. Rxe7
Rxf1+ 26. Kxf1 Bh3+ 27. Kf2 Qxe7 28. Bd5 Qc7 29. Qe4 Qc5+ 30. Kf3 Qc3+ 31. Ke2
Qb2+ 32. Ke3 Qc3+ 33. Qd3 1-0

[Event "Open Vitrolles 2018-2019"]
[Site "Vitrolles"]
[Date "2019.03.23"]
[Round "9.9"]
[White "Blondelon, Claude"]
[Black "Thiers, Jean-Jacques"]
[Result "1/2-1/2"]
[WhiteElo "1255"]
[BlackElo "1567"]
[PlyCount "104"]

1. d4 d5 2. c4 Nf6 3. Nc3 e6 4. Nf3 c6 5. e3 Bd6 6. Be2 O-O 7. O-O Nbd7 8. Qc2
Re8 9. c5 Bc7 10. Bd3 e5 11. dxe5 Nxe5 12. Nxe5 Rxe5 13. Ne2 Bg4 14. Ng3 Qd7
15. f4 Re7 16. Bd2 Rae8 17. Rae1 Ne4 18. Bxe4 dxe4 19. Bc3 Qe6 20. b4 Bf5 21.
Qb2 f6 22. Nh5 Rf7 23. Rf2 Qc4 24. Rd2 Be6 25. Ng3 Bd5 26. Rc1 Qa6 27. a3 b6
28. b5 Qb7 29. Bd4 bxc5 30. Bxc5 cxb5 31. Rc3 Bc4 32. Rxc4 Bb6 33. Bxb6 Qxb6
34. Rcd4 Rc7 35. h3 Rc4 36. Nf1 Rec8 37. Qb3 Kh8 38. Qd1 h6 39. Rd8+ Rxd8 40.
Rxd8+ Kh7 41. Rd4 a5 42. Qb1 Rxd4 43. exd4 Qxd4+ 44. Kh2 f5 45. Qxb5 Qd3 46.
Qxf5+ Kg8 47. Qxa5 Qxf1 48. Qd5+ Kh8 49. Qxe4 Qc1 50. a4 Qc7 51. Kg3 Qc3+ 52.
Kh2 Qc7 1/2-1/2

[Event "Open Vitrolles 2018-2019"]
[Site "Vitrolles"]
[Date "2019.03.23"]
[Round "9.10"]
[White "Maccagno, Gilbert"]
[Black "Chauvet, Joelle"]
[Result "1/2-1/2"]
[WhiteElo "1373"]
[BlackElo "1397"]
[PlyCount "99"]

1. e4 e5 2. Nf3 Nc6 3. Bc4 d6 4. c3 Bg4 5. d3 Nf6 6. Be3 Be7 7. Bb3 O-O 8. O-O
Na5 9. Bc2 c5 10. Nbd2 Nc6 11. Re1 b5 12. h3 Bh5 13. Nf1 h6 14. Ng3 Bg6 15. a3
a5 16. d4 Qc7 17. d5 Nb8 18. Qe2 c4 19. Nd2 a4 20. Rf1 Na6 21. Kh1 Nc5 22. f4
exf4 23. Bxf4 Nh7 24. Nf3 Rfe8 25. Qd2 Ng5 26. Bxg5 Bxg5 27. Nxg5 hxg5 28. Qxg5
Re5 29. Qd2 Nxe4 30. Nxe4 Bxe4 31. Bxe4 Rxe4 32. Rae1 Rae8 33. Rxe4 Rxe4 34.
Re1 Qe7 35. Rxe4 Qxe4 36. Kg1 f5 37. Kf2 Kf7 38. g3 Kf6 39. Qd4+ Qe5 40. Qh4+
Kg6 41. Qd4 Kf7 42. Qd2 Qf6 43. h4 Qe5 44. Kg2 g6 45. Kf2 Qe4 46. Qe1 Qe5 47.
Qd2 Kg7 48. Kg2 Qe4+ 49. Kf2 Kh7 50. Qe2 1/2-1/2

[Event "Open Vitrolles 2018-2019"]
[Site "Vitrolles"]
[Date "2019.03.26"]
[Round "9.11"]
[White "Coquet, Bruno"]
[Black "Lambert, Lancelot"]
[Result "0-1"]
[WhiteElo "1210"]
[BlackElo "1182"]
[PlyCount "76"]

1. e4 e5 2. Nf3 Nc6 3. Bc4 Bc5 4. O-O Nf6 5. d3 O-O 6. c3 Bb6 7. b4 d6 8. Re1
Bg4 9. Be3 Re8 10. Nbd2 d5 11. exd5 Nxd5 12. Qb3 Be6 13. Ng5 Bxe3 14. Nxe6
Bxf2+ 15. Kxf2 fxe6 16. Nf3 Rf8 17. Kg1 Qd6 18. Ng5 Nce7 19. Nxe6 Qxe6 20. Bxd5
Qxd5 21. Qxd5+ Nxd5 22. Rxe5 c6 23. b5 Rae8 24. Rae1 Rxe5 25. Rxe5 Nxc3 26.
bxc6 bxc6 27. h3 Nxa2 28. Ra5 Nb4 29. Rxa7 Nxd3 30. Ra3 Rd8 31. Kf1 Kf7 32. Ke2
Nf4+ 33. Kf3 Rd3+ 34. Rxd3 Nxd3 35. Ke3 Ne5 36. Kd4 Kf6 37. Kc5 h5 38. Kd6 g5
0-1